| 000 | 00876nam2a2200253 4500 | ||
|---|---|---|---|
| 001 | RU\NLR\bibl\607333 | ||
| 005 | 20250610143354.0 | ||
| 010 |
_a5-900504-99-2 _93000 |
||
| 021 |
_aRU _b2004-58686 _92889 |
||
| 035 | _a(NLR Aleph) 000599254 | ||
| 090 |
_a1762519 _c1762519 |
||
| 100 | _a20050208d2004 |||y0rusy50 ca | ||
| 101 | 0 | _arus | |
| 102 | _aRU | ||
| 105 | _aca ||||||||| | ||
| 200 | 1 | _aДомология | |
| 210 |
_d2004 _aБ. м. |
||
| 215 |
_a315, [2] с. _cил., портр. |
||
| 461 | 0 |
_1001RU\NLR\bibl\561425 _12001#$aКлассическая астрология$vТ. 3 _91487633 _aВронский, Ю. П. (1927-2008) _cМ. _d2003 _fГраф С.А. Вронский _nВШКА _oВ 12 т. _tКлассическая астрология _vТ. 3 |
|
| 801 | 0 |
_aRU _bNLR _c20050208 _gPSBO |
|
| 801 | 1 |
_aRU _bNLR _c20050208 |
|
| 942 | _cBOOK | ||
| 980 | _aNB | ||